| 000 | 00432nam a22001697a 4500 | ||
|---|---|---|---|
| 005 | 20230913150759.0 | ||
| 008 | 230913b |||||||| |||| 00| 0 eng d | ||
| 020 | _a0070533059 | ||
| 082 |
_a005.14 _bPET-W |
||
| 100 | _aPetzold,Charles, | ||
| 245 | _aWindows with Microsoft Visual basic.Net | ||
| 260 |
_aIndia: _bMcGraw Hill, _c2003 |
||
| 300 | _a1303 pages: | ||
| 500 | _aInclude Index. | ||
| 650 | _aProgramming | ||
| 999 |
_c33524 _d33524 |
||